00139nam a22000617a 4500082001500000100001500015245004700030 a515.625COD aCoddington aTheory of ordinary differential equations